| 000 | 00927cam a22002413a 4500 | ||
|---|---|---|---|
| 001 | 12771 | ||
| 003 | PGUSA | ||
| 005 | 20140828083256.0 | ||
| 008 | 040629s2004||||xxu|||||s|||||000 | eng d | ||
| 040 |
_aPGUSA _beng |
||
| 042 | _adc | ||
| 050 | 4 | _aE300 | |
| 100 | 1 |
_aParton, James, _d1822-1891 |
|
| 245 | 1 | 0 |
_aFamous Americans of Recent Times _h[electronic resource] / _cJames Parton |
| 260 |
_bProject Gutenberg, _c2004 |
||
| 505 | 0 | _aHenry Clay -- Daniel Webster -- John C. Calhoun -- John Randolph -- Stephen Girard and his college -- James Gordon Bennett and the New York Herald -- Charles Goodyear -- Henry Ward Beecher and his church -- Commodore Vanderbilt -- Theodosia Burr -- John Jacob Astor. | |
| 506 | _aPublic domain in the USA. | ||
| 516 | _aElectronic text | ||
| 653 | _aUnited States -- Biography | ||
| 830 | 0 |
_aProject Gutenberg _v12771 |
|
| 856 | 4 | 0 | _uhttp://www.gutenberg.org/ebooks/12771 |
| 942 | _cEB | ||
| 999 |
_c242026 _d242026 |
||